Top 10 Hottest African Countries - Statistics

General Stats
  • This quiz has been taken 3,297 times
  • The average score is 8 of 11
Answer Stats
° C Country % Correct
27.15 Niger
96%
28.25 Mali
92%
27.65 Mauritania
85%
27.85 Senegal
83%
27.20 Ghana
82%
28.25 Burkina Faso
79%
27.15 Togo
79%
27.55 Benin
77%
27.50 Gambia
77%
28 Djibouti
52%
27.15 Seychelles
39%
No matching quizzes found
Score Distribution
Percent of People with Each Score
Percentile by Number Answered
Your Score History
You have not taken this quiz